[Event "XVI Calvia Amateur Open 2019"]
[Site "Calvia"]
[Date "2019.10.09"]
[Round "5.5"]
[White "Thakoerdien, Jerrel"]
[Black "Zschischang, Marine"]
[Result "1/2-1/2"]
[WhiteElo "2149"]
[BlackElo "2052"]
[Annotator "TA"]
[PlyCount "102"]
[EventDate "2019.10.05"]
[EventType "swiss"]
[EventCountry "ESP"]
[SourceTitle "playchess.com"]
[Source "ChessBase"]
[SourceQuality "1"]

{[%evp 9,102,5,33,27,27,27,61,50,101,85,92,92,89,57,65,56,70,0,7,-14,-7,-34,-58,-59,40,-39,0,-33,0,0,0,-84,-84,-90,-85,-91,-53,-62,-91,-155,-164,-158,-143,-216,-222,-293,-289,-304,-282,-281,-185,-308,-169,-155,0,0,0,0,0,0,0,0,0,0,0,-5,0,0,0,-8,-8,-10,0,0,0,0,0,-8,0,0,0,0,0,0,0,0,0,0,0,0,0,0,0,0,0]} 1. d4 e6 2. c4 d5 3. Nf3 c6 4. g3 Nd7 5. b3 f5 (5... Ngf6 6. Bg2 b5 7. O-O Be7 8. Nbd2 O-O 9. c5 Bb7 10. Qc2 Qc7 11. Bb2 a5 12. Rfe1 Rfd8 13. a3 Bf8 14. e4 Nxe4 15. Nxe4 dxe4 16. Rxe4 {1-0 (48) Sasikiran,K (2680)-Rahman,Z (2513) Sharjah 2014}) 6. Bg2 {D30: Queen's Gambit Declined: Systems without Nc3} Bd6 7. O-O Qf6 8. Ba3 {White is slightly better.} Bc7 (8... Bxa3 $14 9. Nxa3 Ne7) 9. Qc2 $146 ({Predecessor:} 9. Nc3 Ne7 10. Rc1 O-O 11. cxd5 Nxd5 12. Bxf8 Qxf8 {1-0 (21) Simon,R (2156)-Nemoj,I (1800) Hamburg 2018}) 9... Ne7 10. Nc3 Bb8 11. Bxe7 Kxe7 12. cxd5 exd5 13. Nh4 (13. b4 $14) 13... Nb6 $1 $11 14. a4 {[%cal Ba2a4,Ba4a5][%mdl 32] With the idea a5.} g5 15. a5 gxh4 16. axb6 Qxd4 (16... hxg3 $1 $15 17. hxg3 Qxd4) 17. Rad1 ({White should play} 17. Rfd1 $14 Qxb6 18. Qd2) 17... Qf6 18. Rxd5 Be5 19. Rd3 axb6 20. f4 (20. Na4 $11 Bc7 21. Nc3) 20... Bd4+ $17 21. e3 Bxc3 $1 22. Rxc3 {[#]} Ra2 $1 {[%mdl 512]} 23. Qxa2 Qxc3 24. Qe2 {[#]} (24. Qa1 $142 Qxa1 25. Rxa1) 24... hxg3 $1 ({Don't do} 24... Qxb3 25. e4 $15) 25. hxg3 Rd8 ({Don't play} 25... Qxb3 26. e4 $17) 26. Qh5 (26. e4 $17) 26... Qxe3+ $19 27. Kh2 Rd2 28. Rd1 Rxd1 29. Qxd1 Bd7 30. b4 (30. Qc2 {was called for.}) 30... Qe6 (30... Qc3 $142 31. b5 Qb2) 31. Qd4 Qd6 $2 ({Better is} 31... b5 $17 {And now ...Qh6+ would win.} 32. Qb6 Bc8 33. Qc7+ Qd7 34. Qe5+ Kd8 35. Qh8+ Kc7) 32. Qxb6 $11 {The position is equal.} Bc8 33. Kg1 Kd7 34. Bh3 Qd1+ 35. Kf2 Qc2+ 36. Kg1 Qe4 37. Kf2 h5 38. Bg2 Qc2+ 39. Kf3 Qc3+ 40. Kf2 $1 Qc2+ 41. Kg1 Qc4 42. Bf1 Qc3 43. Kf2 Qd2+ 44. Kf3 Qd5+ 45. Kf2 Qd2+ 46. Kf3 Qd1+ 47. Be2 Qh1+ 48. Kf2 Qh2+ 49. Kf3 Qh1+ (49... h4 $5 50. Qd4+ $8 Kc7 51. Qe5+ Kd8 52. Qh8+ Kc7 53. Qxh4 Qg1 $11) 50. Kf2 Qh2+ 51. Kf3 Qh1+ {Accuracy: White = 50%, Black = 39%.} 1/2-1/2

[Event "XVI Calvia Amateur Open 2019"]
[Site "Calvia"]
[Date "2019.10.09"]
[Round "5.6"]
[White "Amengual Perello, Jordi"]
[Black "Borovnica, Tihomir"]
[Result "1/2-1/2"]
[WhiteElo "2087"]
[BlackElo "2231"]
[Annotator "TA"]
[PlyCount "145"]
[EventDate "2019.10.05"]
[EventType "swiss"]
[EventCountry "ESP"]
[SourceTitle "playchess.com"]
[Source "ChessBase"]
[SourceQuality "1"]

{[%evp 18,144,46,0,5,0,0,-30,-31,-39,-46,-69,20,-23,-13,-43,14,0,0,0,0,-17,-16,-50,0,0,8,0,56,0,0,0,30,44,118,97,136,125,110,49,45,54,88,134,153,54,139,85,109,0,0,0,247,10,233,0,230,230,233,250,235,244,230,238,329,343,288,324,361,391,351,302,284,313,292,297,293,295,289,256,336,344,328,322,452,177,452,452,507,507,818,779,781,1730,1591,1583,1460,1452,1252,839,4723,3317,3235,105,105,85,171,91,112,78,186,78,78,78,78,0,0,0,0,0,0,0,0,0,0,0,0,0,0]} 1. Nf3 Nf6 2. c4 g6 3. Nc3 Bg7 4. d4 O-O 5. g3 d5 6. cxd5 Nxd5 7. Bg2 Nxc3 8. bxc3 c5 9. O-O Qa5 10. Qb3 Nc6 {[%cal Rc5d4] D75: Fianchetto Grünfeld: Main Line with 7...c5} 11. Bd2 (11. Be3 Be6 12. Qxb7 Rfc8 13. Bf4 Bd5 14. Rfc1 Qd8 15. dxc5 Nd4 16. Qa6 Nxf3+ 17. Bxf3 Bxf3 18. exf3 Rxc5 19. Rab1 Bxc3 {1-0 (27) Cubas Pons,J (2335)-Neubauer,M (2420) Prague 2012}) 11... Qa6 {[%cal Rc5d4]} 12. e3 Be6 {Black has an edge.} 13. Qb2 (13. d5 c4 $17) 13... Bc4 14. Rfb1 $146 ({Predecessor:} 14. Rfd1 Rfd8 15. dxc5 Rd7 {0-1 (38) Avirovic,D-Tsvetkov,A Novi Sad 1945}) 14... b5 (14... b6 $15) 15. a4 bxa4 16. Qa3 cxd4 (16... Rab8 $15) 17. Nxd4 Nxd4 18. exd4 Rab8 19. Re1 Bb3 20. Rxe7 Qd3 21. Qc1 Rbc8 {next ...Bxd4! is good for Black.} 22. Qe1 a5 (22... Bf6 $11 23. Bf1 (23. Rxa7 Rfe8 $15) 23... Qf3) 23. Be4 (23. Bh3 $14 Rcd8 24. Bg5) 23... Qb5 $11 24. Qf1 Qh5 25. Qd3 $36 {[%mdl 2048] White is more active.} Bd1 ({Black should try} 25... Rfd8 $14) 26. Bb7 $16 Rce8 27. Rxe8 Rxe8 28. Be3 (28. Bc6 $16 Rd8 29. Bf4) 28... Be2 29. Qc2 Rb8 30. Bc6 Rb6 31. Bg2 (31. Bxa4 $6 Bf3 $14) (31. Qxa4 $16 {Hoping for Bg2.} Qf5 32. h4) 31... Qb5 (31... Rb3 $1 $14) 32. Be4 (32. h4 $142) 32... f5 33. Ba8 (33. Qa2+ $1 $16 Bc4 34. Bd3 Bxa2 35. Bxb5) 33... Rb8 $11 34. Bg2 Bd3 $2 (34... Bc4 $11 {and Black has nothing to worry.}) 35. Qd1 $2 (35. Qxa4 $18 {Threatens to win with h4.} Qxa4 36. Bd5+ Kf8 37. Rxa4) 35... Be2 $2 (35... Qc4 $11 {and Black is okay.}) 36. Qc2 $2 (36. Qxa4 $18 Qxa4 37. Bd5+ Kf8 38. Rxa4) 36... Bd3 $2 (36... Bc4 $11 {and Black stays safe.}) 37. Qxa4 $18 {[%mdl 64] Overworked Piece} Qxa4 38. Bd5+ Kf8 39. Rxa4 Rb1+ 40. Kg2 Bf1+ 41. Kf3 Rb5 42. c4 Rb3 43. Rxa5 {Ra8+ is the strong threat.} Bxd4 44. Ra8+ Ke7 45. Kf4 Bxe3+ 46. fxe3 {[%mdl 4096] Endgame KRB-KRB} Rb4 47. Ra7+ Kd6 48. Ra6+ (48. Rxh7 $6 Bxc4 49. Bxc4 Rxc4+ 50. Kg5 Ke6 $16) 48... Ke7 49. Rc6 Kd7 50. Ke5 Rb2 (50... Rb3 {was worth a try.} 51. Kd4 Rd3+ 52. Kc5 Rxe3) 51. h4 $2 (51. Ra6) 51... Bg2 $2 (51... Re2 52. e4 Bg2) 52. Ra6 Re2 53. Ra7+ Kc8 (53... Ke8 $142 54. Be6 (54. Rxh7 Bxd5 55. cxd5 Rxe3+ 56. Kf4 Re4+ 57. Kf3 Rd4 $16) 54... Rxe3+ 55. Kf6 Rd3 56. Rxh7 Kd8) 54. Rxh7 Bxd5 55. cxd5 ({Not} 55. Kxd5 Rxe3 56. Kc6 Re6+ 57. Kb5 Re4 $18) 55... Rxe3+ {KR-KR} 56. Kf4 Re4+ 57. Kf3 Rd4 58. Rg7 Rxd5 59. Rxg6 Kd8 60. Kf4 $2 (60. h5 $18 {is the precise move to win. Strongly threatening h6.} Ke7 61. h6) 60... Ke7 $16 61. Ra6 Kf7 {[#]} (61... Rb5 $16 {keeps fighting.} 62. h5 Kf7) 62. h5 (62. Kg5 $1 $18) 62... Rb5 63. h6 Rb3 (63... Kg8 $16) 64. Ra7+ (64. Kxf5 $18 {is more deadly.} Rxg3 65. Ra8) 64... Kg8 65. Rg7+ Kh8 {[#]} 66. Kxf5 (66. Rg5 $1 $16 {[%cal Rg5f5]} Kh7 67. Rh5 (67. Rxf5 Kxh6 68. Rf6+ Kg7 $11) (67. Kxf5 Kxh6 68. Rg8 Kh7 $11)) 66... Rb5+ $11 {The position is equal.} 67. Kg4 Rb4+ 68. Kh5 Rh4+ $1 69. Kg5 {Rg8+! would kill now.} Rg4+ 70. Kf6 Rf4+ 71. Ke7 {Threatening mate with Rg8+.} Re4+ 72. Kf8 Re8+ 73. Kxe8 {Accuracy: White = 39%, Black = 42%.} 1/2-1/2

[Event "XVI Calvia Amateur Open 2019"]
[Site "Calvia"]
[Date "2019.10.10"]
[Round "6.1"]
[White "Voiteanu, Gabriel"]
[Black "Ermachenko, Manuel"]
[Result "1-0"]
[WhiteElo "2119"]
[BlackElo "1968"]
[Annotator "ChessBase"]
[PlyCount "117"]
[EventDate "2019.10.05"]
[EventType "swiss"]
[EventCountry "ESP"]
[SourceTitle "playchess.com"]
[Source "ChessBase"]
[SourceQuality "1"]
[TimeControl "40/5400+30:900+30"]

1. d4 {[%emt 0:00:00]} Nf6 {[%emt 0:00:00]} 2. c4 {[%emt 0:00:00]} g6 {[%emt 0:00:00]} 3. Nc3 {[%emt 0:00:00]} d5 {[%emt 0:00:00]} 4. Nf3 {[%emt 0:00:24]} Bg7 {[%emt 0:00:00]} 5. e3 {[%emt 0:00:29]} O-O {[%emt 0:00:22]} 6. Qb3 {[%emt 0:00:23]} e6 {[%emt 0:02:10]} 7. Bd2 {[%emt 0:01:10]} Nc6 {[%emt 0:01:27]} 8. cxd5 {[%emt 0:00:33]} exd5 {[%emt 0:04:54]} 9. Be2 {[%emt 0:00:28]} b6 {[%emt 0:04:46]} 10. O-O {[%emt 0:04:35]} Na5 {[%emt 0:03:14]} 11. Qa4 {[%emt 0:05:24]} Bd7 {[%emt 0:07:29]} 12. Qd1 {[%emt 0:04:00]} Bf5 {[%emt 0:05:49]} 13. Ne5 {[%emt 0:10:24]} Nd7 {[%emt 0:07:11]} 14. f4 {[%emt 0:16:45]} Nxe5 {[%emt 0:08:31]} 15. fxe5 {[%emt 0:04:36]} Be6 {[%emt 0:07:00]} 16. b3 {[%emt 0:02:37]} Qe7 {[%emt 0:04:50]} 17. Bf3 {[%emt 0:08:11]} Rad8 {[%emt 0:00:24]} 18. Ne2 {[%emt 0:02:01]} Nb7 {[%emt 0:03:43]} 19. Nf4 {[%emt 0:03:21]} c5 {[%emt 0:04:37]} 20. Nxe6 {[%emt 0:13:49]} fxe6 {[%emt 0:00:14]} 21. Qe1 {[%emt 0:03:14]} Bh6 {[%emt 0:02:25]} 22. Rd1 {[%emt 0:01:38]} Rf7 {[%emt 0:02:25]} 23. Qg3 {[%emt 0:00:44]} cxd4 {[%emt 0:01:25]} 24. exd4 {[%emt 0:00:32]} Bxd2 {[%emt 0:00:06]} 25. Rxd2 {[%emt 0:00:05]} Rdf8 {[%emt 0:01:21]} 26. Be2 {[%emt 0:06:28]} Rxf1+ {[%emt 0:00:18]} 27. Bxf1 {[%emt 0:00:02]} Qb4 {[%emt 0:01:01]} 28. Rd1 {[%emt 0:03:02]} Nd8 {[%emt 0:01:38]} 29. Qg4 {[%emt 0:04:18]} Qa3 {[%emt 0:01:31]} 30. Qe2 {[%emt 0:02:35]} Nc6 {[%emt 0:04:41]} 31. Qd2 {[%emt 0:02:09]} a6 {[%emt 0:08:08]} 32. Bd3 {[%emt 0:01:06]} Nxd4 {[%emt 0:05:39]} 33. Bxg6 {[%emt 0:00:53]} hxg6 {[%emt 0:00:14]} 34. Qxd4 {[%emt 0:00:08]} Qc5 {[%emt 0:01:25]} 35. Qxc5 {[%emt 0:00:38]} bxc5 {[%emt 0:00:08]} 36. Rc1 {[%emt 0:00:25]} Rc8 {[%emt 0:01:18]} 37. Kf2 {[%emt 0:00:10]} g5 {[%emt 0:00:05]} 38. Ke3 {[%emt 0:00:30]} Kf7 {[%emt 0:01:01]} 39. Kd3 {[%emt 0:00:36]} Ke7 {[%emt 0:00:26]} 40. h3 {[%emt 0:00:00]} a5 {[%emt 0:00:00]} 41. Rf1 {[%emt 0:02:48]} Rg8 {[%emt 0:02:30]} 42. Rf6 {[%emt 0:05:22]} Rg7 {[%emt 0:02:41]} 43. Rh6 {[%emt 0:04:22]} Kf7 {[%emt 0:02:06]} 44. Ke3 {[%emt 0:01:37]} g4 {[%emt 0:01:45]} 45. h4 {[%emt 0:01:05]} g3 {[%emt 0:00:52]} 46. Kf4 {[%emt 0:00:52]} d4 {[%emt 0:02:32]} 47. Rf6+ {[%emt 0:01:06]} Ke7 {[%emt 0:00:07]} 48. h5 {[%emt 0:00:25]} Rf7 {[%emt 0:01:31]} 49. Rxf7+ {[%emt 0:00:44]} Kxf7 {[%emt 0:00:08]} 50. Kxg3 {[%emt 0:00:11]} Kg7 {[%emt 0:00:38]} 51. Kf4 {[%emt 0:00:17]} Kh6 {[%emt 0:00:10]} 52. g4 {[%emt 0:00:07]} Kg7 {[%emt 0:00:13]} 53. g5 {[%emt 0:00:16]} Kh7 {[%emt 0:00:05]} 54. g6+ {[%emt 0:01:06]} Kh6 {[%emt 0:00:05]} 55. Ke4 {[%emt 0:00:06]} Kg7 {[%emt 0:00:04]} 56. Kd3 {[%emt 0:00:14]} Kh6 {[%emt 0:00:05]} 57. Kc4 {[%emt 0:00:05]} Kg7 {[%emt 0:00:08]} 58. a3 {[%emt 0:00:17]} Kh6 {[%emt 0:00:04]} 59. b4 {[%emt 0:00:10]} 1-0

[Event "XVI Calvia Amateur Open 2019"]
[Site "Calvia"]
[Date "2019.10.10"]
[Round "6.2"]
[White "Hlavacek, Tomas"]
[Black "Reichmann, Hendrik"]
[Result "0-1"]
[WhiteElo "2157"]
[BlackElo "2341"]
[Annotator "ChessBase"]
[PlyCount "104"]
[EventDate "2019.10.05"]
[EventType "swiss"]
[EventCountry "ESP"]
[SourceTitle "playchess.com"]
[Source "ChessBase"]
[SourceQuality "1"]
[TimeControl "40/5400+30:900+30"]

1. e4 {[%emt 0:00:00]} c5 {[%emt 0:00:00]} 2. Ne2 {[%emt 0:00:35]} e6 {[%emt 0:00:08]} 3. c4 {[%emt 0:00:40]} Nc6 {[%emt 0:02:28]} 4. Nbc3 {[%emt 0:03:09]} a6 {[%emt 0:02:30]} 5. d4 {[%emt 0:01:37]} cxd4 {[%emt 0:00:09]} 6. Nxd4 {[%emt 0:00:02]} Qc7 {[%emt 0:07:27]} 7. Be3 {[%emt 0:04:02]} Nf6 {[%emt 0:05:08]} 8. f3 {[%emt 0:03:13]} Bd6 {[%emt 0:03:01]} 9. g3 {[%emt 0:05:14]} Bb4 {[%emt 0:19:21]} 10. Rc1 {[%emt 0:12:41]} Ne5 {[%emt 0:20:30]} 11. a3 {[%emt 0:05:37]} Be7 {[%emt 0:00:51]} 12. Qb3 {[%emt 0:04:05]} d6 {[%emt 0:01:41]} 13. Be2 {[%emt 0:01:36]} b6 {[%emt 0:02:51]} 14. Kf2 {[%emt 0:01:10]} Rb8 {[%emt 0:02:19]} 15. Rhd1 {[%emt 0:01:21]} Bb7 {[%emt 0:01:48]} 16. Qa4+ {[%emt 0:02:23]} Kf8 {[%emt 0:00:50]} 17. Nc2 {[%emt 0:08:08]} Ned7 {[%emt 0:02:50]} 18. Nb4 {[%emt 0:02:56]} Nc5 {[%emt 0:03:49]} 19. Qc2 {[%emt 0:00:10]} g5 {[%emt 0:01:55]} 20. Nd3 {[%emt 0:04:42]} Ncd7 {[%emt 0:02:08]} 21. Qd2 {[%emt 0:03:31]} g4 {[%emt 0:01:35]} 22. Bh6+ {[%emt 0:02:53]} Ke8 {[%emt 0:00:13]} 23. Qf4 {[%emt 0:02:02]} gxf3 {[%emt 0:01:07]} 24. Bxf3 {[%emt 0:00:35]} Rg8 {[%emt 0:01:09]} 25. g4 {[%emt 0:01:52]} Ne5 {[%emt 0:02:38]} 26. g5 {[%emt 0:06:55]} Nxd3+ {[%emt 0:06:42]} 27. Rxd3 {[%emt 0:00:01]} Nd7 {[%emt 0:00:11]} 28. Bh5 {[%emt 0:02:40]} Ne5 {[%emt 0:00:06]} 29. Rf3 {[%emt 0:04:58]} Bf8 {[%emt 0:03:38]} 30. Bxf8 {[%emt 0:03:31]} Rxf8 {[%emt 0:00:02]} 31. Re3 {[%emt 0:02:08]} Qc5 {[%emt 0:00:37]} 32. Kg3 {[%emt 0:02:58]} Nxc4 {[%emt 0:00:54]} 33. Re2 {[%emt 0:01:23]} Qe5 {[%emt 0:00:22]} 34. Rf2 {[%emt 0:01:17]} Qxf4+ {[%emt 0:00:36]} 35. Rxf4 {[%emt 0:00:12]} Ne5 {[%emt 0:00:17]} 36. Rd1 {[%emt 0:01:15]} Ke7 {[%emt 0:00:10]} 37. h4 {[%emt 0:01:02]} Bc6 {[%emt 0:01:55]} 38. Be2 {[%emt 0:01:14]} b5 {[%emt 0:00:09]} 39. Rf2 {[%emt 0:01:28]} h6 {[%emt 0:00:38]} 40. gxh6 {[%emt 0:00:00]} Rh8 {[%emt 0:00:00]} 41. Bf1 {[%emt 0:01:28]} Rbg8+ {[%emt 0:00:36]} 42. Kh3 {[%emt 0:01:23]} Rxh6 {[%emt 0:00:38]} 43. Be2 {[%emt 0:01:19]} Ng6 {[%emt 0:01:22]} 44. h5 {[%emt 0:00:48]} e5 {[%emt 0:01:54]} 45. Kh2 {[%emt 0:03:18]} Nf4 {[%emt 0:00:42]} 46. Kh1 {[%emt 0:01:13]} Rg5 {[%emt 0:04:26]} 47. Nd5+ {[%emt 0:03:12]} Bxd5 {[%emt 0:00:06]} 48. exd5 {[%emt 0:00:05]} Nxe2 {[%emt 0:00:06]} 49. Rxe2 {[%emt 0:00:10]} Rgxh5+ {[%emt 0:00:05]} 50. Kg2 {[%emt 0:00:15]} Rh2+ {[%emt 0:00:04]} 51. Kf3 {[%emt 0:00:35]} R6h3+ {[%emt 0:00:05]} 52. Kg4 {[%emt 0:00:12]} f5+ {[%emt 0:00:07]} 0-1

[Event "XVI Calvia Amateur Open 2019"]
[Site "Calvia"]
[Date "2019.10.10"]
[Round "6.3"]
[White "Zschischang, Marine"]
[Black "Scherer, Helmut"]
[Result "1/2-1/2"]
[WhiteElo "2052"]
[BlackElo "2278"]
[Annotator "ChessBase"]
[PlyCount "87"]
[EventDate "2019.10.05"]
[EventType "swiss"]
[EventCountry "ESP"]
[SourceTitle "playchess.com"]
[Source "ChessBase"]
[SourceQuality "1"]
[TimeControl "40/5400+30:900+30"]

1. d4 {[%emt 0:00:00]} d5 {[%emt 0:00:24]} 2. c4 {[%emt 0:00:00]} dxc4 {[%emt 0:00:40]} 3. e3 {[%emt 0:00:00]} e5 {[%emt 0:00:48]} 4. Bxc4 {[%emt 0:00:08]} exd4 {[%emt 0:01:33]} 5. exd4 {[%emt 0:00:02]} Bd6 {[%emt 0:07:48]} 6. Nf3 {[%emt 0:00:43]} Nf6 {[%emt 0:05:53]} 7. O-O {[%emt 0:01:36]} O-O {[%emt 0:00:11]} 8. Bg5 {[%emt 0:01:59]} Nbd7 {[%emt 0:03:51]} 9. Nc3 {[%emt 0:01:27]} c6 {[%emt 0:03:07]} 10. Re1 {[%emt 0:01:25]} Nb6 {[%emt 0:19:50]} 11. Bb3 {[%emt 0:02:42]} Bf5 {[%emt 0:12:02]} 12. Ne5 {[%emt 0:02:11]} Be6 {[%emt 0:02:53]} 13. Bc2 {[%emt 0:05:00]} Be7 {[%emt 0:05:37]} 14. Qd3 {[%emt 0:02:09]} g6 {[%emt 0:00:26]} 15. Qf3 {[%emt 0:02:54]} Nbd5 {[%emt 0:04:40]} 16. Rad1 {[%emt 0:06:56]} Re8 {[%emt 0:02:37]} 17. Bh6 {[%emt 0:15:11]} Qc8 {[%emt 0:06:33]} 18. h3 {[%emt 0:02:20]} Bf8 {[%emt 0:00:55]} 19. Bxf8 {[%emt 0:02:53]} Rxf8 {[%emt 0:00:30]} 20. a3 {[%emt 0:04:43]} Kg7 {[%emt 0:01:28]} 21. g4 {[%emt 0:07:10]} Nxc3 {[%emt 0:06:40]} 22. bxc3 {[%emt 0:01:22]} Bd5 {[%emt 0:00:08]} 23. Qg3 {[%emt 0:01:19]} b5 {[%emt 0:00:13]} 24. Bd3 {[%emt 0:06:07]} Qc7 {[%emt 0:01:02]} 25. c4 {[%emt 0:01:55]} bxc4 {[%emt 0:00:54]} 26. Nxc4 {[%emt 0:00:32]} Qd8 {[%emt 0:05:56]} 27. Qf4 {[%emt 0:03:18]} Rb8 {[%emt 0:00:41]} 28. Rb1 {[%emt 0:00:32]} Rxb1 {[%emt 0:02:07]} 29. Rxb1 {[%emt 0:00:28]} Qe7 {[%emt 0:00:21]} 30. g5 {[%emt 0:06:05]} Nh5 {[%emt 0:00:11]} 31. Qe5+ {[%emt 0:06:31]} Qxe5 {[%emt 0:00:08]} 32. Nxe5 {[%emt 0:00:22]} Re8 {[%emt 0:01:12]} 33. Bf1 {[%emt 0:06:33]} Nf4 {[%emt 0:01:09]} 34. Rb7 {[%emt 0:04:07]} c5 {[%emt 0:01:12]} 35. Rxa7 {[%emt 0:00:24]} cxd4 {[%emt 0:00:08]} 36. Nd3 {[%emt 0:00:56]} Ne6 {[%emt 0:01:08]} 37. h4 {[%emt 0:01:42]} Rb8 {[%emt 0:01:57]} 38. Bg2 {[%emt 0:02:08]} Ba2 {[%emt 0:00:42]} 39. Rd7 {[%emt 0:00:46]} Rb3 {[%emt 0:01:09]} 40. Ne5 {[%emt 0:00:00]} Rxa3 {[%emt 0:00:00]} 41. Rxf7+ {[%emt 0:03:04]} Kg8 {[%emt 0:00:52]} 42. Rd7 {[%emt 0:00:20]} Ra4 {[%emt 0:03:14]} 43. Ng4 {[%emt 0:11:49]} Nf8 {[%emt 0:00:26]} 44. Bd5+ {[%emt 0:02:54]} 1/2-1/2

[Event "XVI Calvia Amateur Open 2019"]
[Site "Calvia"]
[Date "2019.10.10"]
[Round "6.4"]
[White "Massanet Massanet, Sebastian"]
[Black "Cramling Bellon, Anna"]
[Result "1/2-1/2"]
[WhiteElo "2252"]
[BlackElo "2164"]
[Annotator "ChessBase"]
[PlyCount "80"]
[EventDate "2019.10.05"]
[EventType "swiss"]
[EventCountry "ESP"]
[SourceTitle "playchess.com"]
[Source "ChessBase"]
[SourceQuality "1"]
[TimeControl "40/5400+30:900+30"]

1. e4 {[%emt 0:19:36]} c5 {[%emt 0:00:00]} 2. Nf3 {[%emt 0:00:06]} Nc6 {[%emt 0:00:00]} 3. d4 {[%emt 0:00:20]} cxd4 {[%emt 0:00:00]} 4. Nxd4 {[%emt 0:00:04]} Nf6 {[%emt 0:00:02]} 5. Nc3 {[%emt 0:00:32]} e5 {[%emt 0:00:19]} 6. Ndb5 {[%emt 0:01:01]} h6 {[%emt 0:00:12]} 7. Nd5 {[%emt 0:08:57]} Nxd5 {[%emt 0:00:10]} 8. exd5 {[%emt 0:00:08]} a6 {[%emt 0:00:11]} 9. dxc6 {[%emt 0:02:12]} axb5 {[%emt 0:00:09]} 10. cxd7+ {[%emt 0:01:13]} Bxd7 {[%emt 0:00:10]} 11. Qd5 {[%emt 0:02:46]} Qc7 {[%emt 0:00:15]} 12. Bd2 {[%emt 0:03:34]} Bc5 {[%emt 0:00:38]} 13. Bd3 {[%emt 0:05:13]} O-O {[%emt 0:17:28]} 14. O-O {[%emt 0:02:21]} Rad8 {[%emt 0:31:26]} 15. Bc3 {[%emt 0:10:10]} Rfe8 {[%emt 0:07:06]} 16. Qb3 {[%emt 0:09:33]} Qc6 {[%emt 0:17:12]} 17. Kh1 {[%emt 0:06:38]} e4 {[%emt 0:03:57]} 18. Be2 {[%emt 0:00:24]} Qb6 {[%emt 0:01:52]} 19. Be1 {[%emt 0:05:50]} Bc6 {[%emt 0:01:59]} 20. Rd1 {[%emt 0:02:44]} Rxd1 {[%emt 0:04:46]} 21. Bxd1 {[%emt 0:00:06]} b4 {[%emt 0:05:27]} 22. Be2 {[%emt 0:01:18]} Bb5 {[%emt 0:01:24]} 23. Bc4 {[%emt 0:02:25]} Bxc4 {[%emt 0:00:08]} 24. Qxc4 {[%emt 0:00:06]} Qa6 {[%emt 0:00:08]} 25. Qxa6 {[%emt 0:02:04]} bxa6 {[%emt 0:00:01]} 26. g3 {[%emt 0:10:24]} Rd8 {[%emt 0:00:26]} 27. c3 {[%emt 0:00:48]} a5 {[%emt 0:00:58]} 28. cxb4 {[%emt 0:02:33]} axb4 {[%emt 0:00:09]} 29. Kg2 {[%emt 0:00:31]} Rd3 {[%emt 0:05:22]} 30. g4 {[%emt 0:00:50]} Kf8 {[%emt 0:00:44]} 31. f4 {[%emt 0:00:32]} g6 {[%emt 0:02:11]} 32. f5 {[%emt 0:00:16]} Ke7 {[%emt 0:00:31]} 33. fxg6 {[%emt 0:00:21]} fxg6 {[%emt 0:00:04]} 34. Rf4 {[%emt 0:00:35]} Re3 {[%emt 0:00:25]} 35. Bf2 {[%emt 0:00:39]} Re2 {[%emt 0:00:10]} 36. Kf1 {[%emt 0:00:14]} Bd6 {[%emt 0:01:01]} 37. Kxe2 {[%emt 0:00:52]} Bxf4 {[%emt 0:00:02]} 38. h3 {[%emt 0:00:29]} Ke6 {[%emt 0:01:23]} 39. b3 {[%emt 0:00:30]} Bd6 {[%emt 0:00:29]} 40. Bd4 {[%emt 0:00:00]} h5 {[%emt 0:00:00]} 1/2-1/2

[Event "XVI Calvia Amateur Open 2019"]
[Site "Calvia"]
[Date "2019.10.10"]
[Round "6.5"]
[White "Visser, Henk-Jan"]
[Black "De Boer, Bas"]
[Result "1/2-1/2"]
[WhiteElo "2184"]
[BlackElo "2142"]
[Annotator "NA"]
[PlyCount "44"]
[EventDate "2019.10.05"]
[EventType "swiss"]
[EventCountry "ESP"]
[SourceTitle "playchess.com"]
[Source "ChessBase"]
[SourceQuality "1"]
[TimeControl "40/5400+30:900+30"]

1. b3 {[%emt 0:00:00]} e5 {[%emt 0:00:08]} 2. Bb2 {[%emt 0:00:00]} Nc6 {[%emt 0:00:20]} 3. e3 {[%emt 0:00:00]} Nf6 {[%emt 0:00:51]} 4. Nf3 {[%emt 0:00:54]} e4 {[%emt 0:02:18]} 5. Nd4 {[%emt 0:00:27]} d5 {[%emt 0:04:05]} 6. c4 {[%emt 0:07:40]} Be7 {[%emt 0:10:37]} 7. cxd5 {[%emt 0:02:47]} Nb4 {[%emt 0:02:08]} 8. Nc3 {[%emt 0:08:09]} Nbxd5 {[%emt 0:08:00]} 9. Nxd5 {[%emt 0:36:16]} Nxd5 {[%emt 0:00:19]} 10. Qc2 {[%emt 0:01:24]} Nf6 {[%emt 0:02:57]} 11. Nb5 {[%emt 0:01:40]} c6 {[%emt 0:02:01]} 12. Bxf6 {[%emt 0:00:28]} gxf6 {[%emt 0:00:53]} 13. Nc3 {[%emt 0:03:04]} f5 {[%emt 0:00:06]} 14. d3 {[%emt 0:04:12]} Qa5 {[%emt 0:02:43]} 15. O-O-O {[%emt 0:12:52]} exd3 {[%emt 0:00:07]} 16. Bxd3 {[%emt 0:00:26]} Be6 {[%emt 0:00:07]} 17. Kb1 {[%emt 0:01:34]} O-O-O {[%emt 0:01:09]} 18. Na4 {[%emt 0:02:04]} Kb8 {[%emt 0:01:58]} 19. Bc4 {[%emt 0:03:59]} Rxd1+ {[%emt 0:07:01]} 20. Rxd1 {[%emt 0:00:23]} Rd8 {[%emt 0:00:10]} 21. Bxe6 {[%emt 0:03:53]} fxe6 {[%emt 0:00:26]} 22. Rxd8+ {[%emt 0:01:27]} Qxd8 {[%emt 0:00:13]} 1/2-1/2